| 000 | 00657nam a22002057a 4500 | ||
|---|---|---|---|
| 999 |
_c14902 _d14902 |
||
| 003 | AR-CdUCM | ||
| 008 | 190425b ||||| |||| 00| 0 spa d | ||
| 020 | _a978-84-16648-00-9 | ||
| 040 |
_aMUNICIPALIDAD PROVINCIAL DEL CUSCO _cBIBLIOTECA MUNICIPAL DEL CUSCO |
||
| 082 |
_aPI / 803 / _bF53 |
||
| 100 |
_aFilipek, Nina _926331 |
||
| 245 | _aRicitos de oro y los tres osos / | ||
| 260 |
_aBarcelona : _bPicarona, _c2016. |
||
| 300 |
_a29 páginas ; _bIlustraciones, _c22 cm. |
||
| 650 |
_aLiteratura infantil _9588 |
||
| 650 |
_aCuento infantil _93319 |
||
| 700 |
_aMosquera, Raquel (traducción) _933870 |
||
| 942 |
_2ddc _cLIBROS |
||
| 945 |
_aacv _d2019-04-25 |
||